Formuła 1 - wszyscy kierowcy Red Bulla - Statystyki

Ogólne statystyki
  • Ten quiz został rozwiązany 554 razy
  • Średni wynik to 10 z 14
Statystyki odpowiedzi
Starty Sezony Kraj Kierowca % Poprawnych
189 2016-2025 Holandia Max Verstappen
100%
113 2009-2014 Niemcy Sebastian Vettel
95%
90 2021-2024 Meksyk Sergio Perez
95%
1 2025 Japonia Yuki Tsunoda
95%
26 2019-2020 Tajlandia Alex Albon
88%
2 2025 Nowa Zelandia Liam Lawson
87%
100 2014-2018 Australia Daniel Ricciardo
85%
129 2007-2013 Australia Mark Webber
84%
12 2019 Francja Pierre Gasly
81%
21 2015-2016 Rosja Daniil Kvyat
69%
71 2005-2008 W.Brytania David Coulthard
50%
4 2005 Włochy Vitantonio Liuzzi
14%
28 2005-2006 Austria Christian Klien
13%
3 2006 Holandia Robert Doornbos
6%
Nie znaleziono quizów pasujących do podanych kryteriów
Rozkład punktacji
Procent ludzi z każdym wynikiem
Percentyl według liczby udzielonych odpowiedzi
Twoja historia wyników
Nie rozwiązałeś tego quizu